LIBRARY & INFORMATION CENTRE, KCAET, TAVANUR

ONLINE PUBLIC ACCESS CATALOGUE (OPAC)

Dictionary of botany / (Record no. 9191)

MARC details
000 -LEADER
fixed length control field 00449cam a2200181ua 4500
041 ## - LANGUAGE CODE
Language code of text/sound track or separate title eng
082 ## - DEWEY DECIMAL CLASSIFICATION NUMBER
Classification number 028.7358
Item number USH/DI
100 ## - MAIN ENTRY--AUTHOR NAME
Personal name Usher, George .
245 ## - TITLE STATEMENT
Title Dictionary of botany /
250 ## - EDITION STATEMENT
Edition statement 1 /
260 ## - PUBLICATION, DISTRIBUTION, ETC. (IMPRINT)
Place of publication New Delhi :
Name of publisher C B S Publishers & Distributers ,
Year of publication 1983.
300 ## - PHYSICAL DESCRIPTION
Number of Pages 408 ; .
942 ## - ADDED ENTRY ELEMENTS (KOHA)
Koha item type Books
Holdings
Withdrawn status Lost status Damaged status Home library Current library Date acquired Full call number Accession Number Koha item type
      KAUAET KAUAET 25/03/1987 028.7358 16075 Reference
free website counter